000 00856cam a2200181 4500
001 WB3524-20
008 000000n1999 000 0 eng u
035 _a(Sirsi) u101967
245 _aMen take over the shopping.
260 _c1999
490 _aFinancial Times
_v19 June 1999, 5(1)
520 _aThe Henley Centre says that the internet is becoming a male shopper's paradise because cyber-shopping is quick, discreet & anonymous and internet retailers offer the products men want to buy: 13% of men shop online, compared with 2% of women. The report, The impact of the internet economy in Europe compares the internet with the industrial revolution. Financial Times 19 June 1999, 5(1)
650 _aINTERNET
650 _aMANAGEMENT-BUSINESS MANAGEMENT-INFORMATION MANAGEMENT
650 _aRETAIL
690 _aECONOMIC AND SOCIAL
942 _n0
999 _c61061
_d61061